Dio e l'uomo nella coscienza: veritá, norma, libertà

Uloženo v:
Podrobná bibliografie
Hlavní autor: Fucek, Ivan (Autor)
Médium: Kniha
Jazyk:španělština
Vydáno: Roma Pontificia Universitá Gregoriana 1991
Témata:
Tagy: Přidat tag
Žádné tagy, Buďte první, kdo vytvoří štítek k tomuto záznamu!

MARC

LEADER 00000nam a2200000 a 4500
001 UCI7056
003 CL-VaPUC
008 080605e19910000IT |||||||||||||||||spa|d
082 0 4 |a 261  |b FUC  |2 21 
100 0 |a Fucek, Ivan  |e author  |9 530164 
245 1 0 |a Dio e l'uomo nella coscienza: veritá, norma, libertà 
300 |a 268 p 
942 |c BK 
945 |d 20080605 00:00:00  |a jtorresc 
260 |a Roma  |b Pontificia Universitá Gregoriana  |c 1991 
650 0 |a Filosofía de la religión   |9 256017 
650 0 |a Dios   |9 266622 
650 0 |a Iglesia Católica  |9 256114 
583 |a last modification  |c 20080605 00:00:00  |k Rodrigo Vera 
999 |c 330455  |d 330453 
952 |0 0  |1 0  |4 0  |6 261_000000000000000_FUC_1991  |7 0  |8 A  |9 416011  |a BIBTEO  |b BIBTEO  |d 2019-11-22  |i 4445767  |o 261 FUC 1991  |p 4445767  |r 2025-01-17  |w 2019-11-22  |y BK  |k ICR